NBA 2023-2024 All-Stars - Statistics

General Stats
  • This quiz has been taken 628 times
  • The average score is 25 of 26
Answer Stats
Conference Team Player % Correct
Eastern Bucks Giannis Antetokounmpo
100%
Eastern 76ers Joel Embiid
100%
Western Lakers LeBron James
100%
Western Lakers Anthony Davis
99%
Eastern Celtics Jaylen Brown
99%
Eastern Celtics Jayson Tatum
99%
Western Suns Kevin Durant
99%
Western Mavericks Luka Doncic
99%
Western Nuggets Nikola Jokic
99%
Western Thunder Shai Gilgeous-Alexander
99%
Western Warriors Steph Curry
99%
Eastern Hawks Trae Young
99%
Western Timberwolves Anthony Edwards
98%
Eastern Bucks Damian Lillard
98%
Western Suns Devin Booker
98%
Eastern Knicks Jalen Brunson
98%
Western Clippers Kawhi Leonard
98%
Eastern Pacers Tyrese Haliburton
98%
Eastern Cavaliers Donovan Mitchell
97%
Western Timberwolves Karl-Anthony Towns
97%
Eastern Heat Bam Adebayo
96%
Western Clippers Paul George
96%
Eastern Magic Paolo Banchero
95%
Eastern 76ers Tyrese Maxey
95%
Eastern Raptors Scottie Barnes
91%
Eastern Knicks Julius Randle
90%
No matching quizzes found
Score Distribution
Percent of People with Each Score
Percentile by Number Answered
Your Score History
You have not taken this quiz